Exaltación de la divina misericordia, en la milagrosa renovación de la soberana imagen de Christo Sr. Ntro. crucificado, que se...

Detalles Bibliográficos
Autor principal: VELASCO, Alfonso Alberto
Formato: Libro
Publicado: México 1776
Materias:
Colección:Banco de datos
Acervo:Biblioteca del Ex Convento de Nuestra Señora de Guadalupe. Zacatecas
Tema general:Religiosos
Notas:Regular. VIII,9,6(2363). Encuadernada en un solo vol.umen con el "Compendio histórico de la fundación..."
LEADER 00841nam a22001930004500
035 |a 41384 
036 |a 2568 
100 1 |a VELASCO, Alfonso Alberto 
245 1 0 |a Exaltación de la divina misericordia, en la milagrosa renovación de la soberana imagen de Christo Sr. Ntro. crucificado, que se... 
260 |a México  |b imp. Joseph de Jáuregui  |c 1776 
500 |a Regular. VIII,9,6(2363). Encuadernada en un solo vol.umen con el "Compendio histórico de la fundación..." 
650 1 0 |a Religiosos 
949 |a CRZ-CG 
959 |a Ex convento de Nuestra Señora de Guadalupe, Museo Regional de Zacatecas, Zacatecas  |b CCC4 
960 |a Convento de Nuestra Señora de Guadalupe, Zacatecas  |b DD87 
961 |a Franciscana  |b OF 
942 |c CRZ-CG 
943 |g Biblioteca del Ex Convento de Nuestra Señora de Guadalupe. Zacatecas 
999 |c 965511  |d 965511